00706nam a2200241 a 450000100090000000800410000902000280005004000230007808200160010110000230011724500820014025000120022226000450023430000360027952000210031555600150033665000340035165300270038565300080041270000190042099900170043952600080045600004357110328s1995 a g 000 0 eng d a0201455617 :cTk.260.00 aBD-DhIUBcBD-DhIUB04a005.3692191 aCline, Marshall P.00aC++ FAQs :bfrequently asked questions /cMarshall P. Cline, Greg A. Lomow  a1st ed. aReading, Mass. :bAddison-Wesley,c1995. axxvii, 461 p. :bill. ;c23 cm.0 aComputer Science a1998-12-0117aProgramming languages2Spines00aC Programming language00aFAQ1 aLomow, Greg A. c12618d12618 bswe